| 000 | 00814nam a2200229 a 4500 | ||
|---|---|---|---|
| 001 | 41061 | ||
| 003 | BD-RjUL | ||
| 005 | 20211209053325.0 | ||
| 008 | 160514s1980 bg ||||| |||| 00| p ben d | ||
| 020 | _c: Tk. 10.00 | ||
| 035 | _a(BD-RjUL) 41177 | ||
| 040 |
_aBD-RjUL _bben _cBD-RjUL |
||
| 041 | _aben | ||
| 082 |
_223 _a891.441 _bISJ 1980 |
||
| 100 |
_aইসলাম, কাজী নজরুল _9117928 |
||
| 245 | 1 | 0 |
_aজাগরণ / _cকাজী নজরুল ইসলাম |
| 260 |
_aঢাকা : _bইসলামিক ফাউন্ডেশন বাংলাদেশ, _c১৯৮০ |
||
| 300 |
_a[১০], ১২৭ পৃ. : _bচিত্র ; _c২১ সেমি. |
||
| 650 |
_aবাংলা কবিতা _9126345 |
||
| 650 |
_aBengali Poetry _9126346 |
||
| 942 |
_2ddc _cBK |
||
| 999 |
_c41061 _d41061 |
||